|
|
|
|
| LEADER |
00000cam a2200000 7i4500 |
| 001 |
0000023122 |
| 005 |
20080820.0 |
| 008 |
080820 |
| 020 |
|
|
|a 0743285026
|
| 090 |
0 |
0 |
|a 956.04
|b CAR
|
| 100 |
1 |
|
|a Carter, Jimmy
|
| 245 |
1 |
0 |
|a Palestine peace not apartheid
|c Jimmy Carter
|
| 260 |
|
|
|a New York :
|b Simon & Schuster ,
|c 2006
|
| 650 |
|
0 |
|a Arab-Israeli conflict
|x 1973-1993
|
| 650 |
|
0 |
|a Arab-Israeli conflict
|x 1993
|x peace
|
| 650 |
|
0 |
|a Israel
|x politics and government
|x 1973-1993
|
| 650 |
|
0 |
|a Middle east
|x foreign relations
|x United States
|
| 650 |
|
0 |
|a Palestinian Arabs
|x politics and government
|x 1973-1993
|
| 650 |
|
0 |
|a Palestinian Arabs
|x politics and government
|x 1993-
|
| 650 |
|
0 |
|a Politics and government
|x 1993-
|
| 650 |
|
0 |
|a United States president (1977-1981 : Carter)
|
| 650 |
|
0 |
|a United States
|x foreign relations
|x middle east
|
| 999 |
|
|
|a 0001036565
|b Book
|c REFERENCE
|e Perbadanan Perpustakaan Awam Johor
|
| 999 |
|
|
|a 0001036566
|b Book
|c Adult Collection
|e Cawangan Urban Transformation Centre
|